| 000 | 00477nam a22001817a 4500 | ||
|---|---|---|---|
| 999 |
_c524977 _d524977 |
||
| 003 | NUST | ||
| 020 | _a- | ||
| 038 | _aZafar Malik | ||
| 082 |
_a891.421 _bGUL |
||
| 100 |
_aDr. Gul Abbas Awan _915777 |
||
| 245 |
_aSoojhal Khawab / _cDr. Gul Abbas Awan |
||
| 260 |
_aMultan : _bJhok Publishers ; _c2015. |
||
| 300 | _a80 p. ; | ||
| 500 | _aPaperback | ||
| 880 |
_6100-02\r _aڈاکٹر گل عباس اعوان |
||
| 880 |
_6245-02\r _aسوجھل خواب |
||
| 942 |
_2ddc _cBK |
||